| 000 | 00733nam a2200241 a 4500 | ||
|---|---|---|---|
| 999 |
_c6976 _d6976 |
||
| 001 | 1767 | ||
| 003 | BD-DhUAP | ||
| 005 | 20210117115608.0 | ||
| 008 | 200119s1994 ii a 001 0 eng d | ||
| 020 | _a1568841825 | ||
| 040 |
_aBD-DhUAP _cBD-DhUAP _dBD-DhUAP _bEng |
||
| 082 | 0 | 0 |
_a005.43 RAT _223 |
| 100 | _a Rathbone, Andy. | ||
| 245 |
_aWindows 3.1 for dummies / _cAndy Rathbone. |
||
| 250 | _a2nd ed. | ||
| 260 |
_aSan Mateo, California : _bIDG Books, _cc1994. |
||
| 300 |
_axxvi, 375 pages : _billustrations ; _c25 cm. |
||
| 504 | _aIncludes bibliographical references and indexes. | ||
| 650 | _aMicrosoft Windows (Computer file). | ||
| 942 |
_2ddc _cBK |
||